Logo BPK

Biblioteka

Politechniki Koszalińskiej

Expressionismus : (Rekord nr 50400)

Szczegóły MARC
000 -ETYKIETA REKORDU
podpole kontrolne o stałej długości 00864nam a2200229 i 4500
001 - NUMER KONTROLNY REKORDU
pole kontrolne bgj
040 ## - ŹRÓDŁO KATALOGOWANIA
Instytucja, która utworzyła rekord BPK
041 0# - KOD JĘZYKA
Kod języka tekstu ger
044 ## - KOD KRAJU WYDAWCY/PRODUCENTA
Kod kraju wydawcy/producenta DEU
080 ## - UNIWERSALNA KLASYFIKACJA DZIESIĘTNA - UKD
UKD 7
008 - POLE O STAŁEJ DŁUGOŚCI - DANE KONTROLNE
podpole kontrolne o stałej długości s gw f |000 0 ger
245 10 - TYTUŁ/ODPOWIEDZIALNOŚĆ
Tytuł Expressionismus :
Ciąg dalszy tytułu Literatur und Kunst : eine Ausstellung des deutschen Literaturachivis im Schiller-Nationalmuseum Marbach A. N. vom 8. Mai bis 31. Oktober 1960 /
Pozostałe elementy strefy tytułu i oznaczenia odpowiedzialności [Im Auftrag der Deutschen Schillergesellschaft hrsg. von Bernhard Zehler ; Austellung und Katalog von Paul Raabe und H. L. Greve unter Mitarbeit von Ingrid Grüninger].
260 ## - STREFA ADRESU WYDAWNICZEGO
Miejsce wydania München :
Nazwa wydawcy/dystrybutora Albert Langen :
-- Georg Müller,
Data publikacji, dystrybucji/powstania dokumentu [ca 1960].
300 ## - STREFA OPISU FIZYCZNEGO
Objętość 349, [16] s. :
Inne cechy fizyczne il. ;
Rozmiary 21 cm.
504 ## - UWAGA DOTYCZĄCA BIBLIOGRAFII
Informacje o bibliografii Indeks.
650 9# - HASŁO PRZEDMIOTOWE W FORMIE NAZWY OGÓLNEJ LUB JEDNOSTKOWEJ
Nazwa ogólna lub geograficzna Sztuka
700 1# - HASŁO DODATKOWE - NAZWA OSOBOWA
Nazwa osobowa ZEHLER, Bernhard.
700 1# - HASŁO DODATKOWE - NAZWA OSOBOWA
Nazwa osobowa RAABE, Paul.
700 1# - HASŁO DODATKOWE - NAZWA OSOBOWA
Nazwa osobowa GREVE, H. L.
700 1# - HASŁO DODATKOWE - NAZWA OSOBOWA
Nazwa osobowa GRÜNINGER, Ingrid.
856 ## - LOKALIZACJA I DOSTĘP DO ELEKTRONICZNYCH DOKUMENTÓW ZDALNYCH
Link (URL) http://koha.tu.koszalin.pl/cgi-bin/koha/opac-detail.pl?biblionumber=50400
Tekst linku Katalog online BPK
942 ## - DODATKOWE ELEMENTY (KOHA)
Typ dokumentu Książka
Egzemplarze
Wycofany Status egzemplarza Uszkodzony Dostępność Lokalizacja stała Lokalizacja bieżąca Miejsce przechowywania Sygnatura Kod kreskowy Typ dokumentu
      Dostępny Biblioteka Politechniki Koszalińskiej Biblioteka Politechniki Koszalińskiej Wypożyczalnia BG N 309 02122649 Książka
© 2023 Biblioteka Politechniki Koszalińskiej :: KOHA